| 000 | 00413cam a22001457a 4500 | ||
|---|---|---|---|
| 008 | 180718b1963 xxu||||| |||| 00| 0 eng d | ||
| 082 | _aF51x42 M199/63 | ||
| 100 | _aMcKenzie, R.T. | ||
| 245 |
_aBritish political parties _cby R.T. McKenzie |
||
| 250 | _a2nd ed. | ||
| 260 |
_aLondon _bHeinemann _c1963 |
||
| 300 | _a694p. | ||
| 650 | _aLabour Party (Great Britain) | ||
| 650 | _aConservative Party (Great Britain) | ||
| 999 |
_c373089 _d373089 |
||